Recorridos y posibles formas de la penalidad /

-д хадгалсан:
Номзүйн дэлгэрэнгүй
Үндсэн зохиолч: Rivera Beiras, Iñaki (autor)
Формат: Ном
Хэл сонгох:испани
Хэвлэсэн: Barcelona, España : Anthropos : Universidad de Barcelona, Observatorio del Sistema Penal y los Derechos Humanos, 2005, c2005
Цуврал:(Huellas Memoria y Texto de Creación ; Problemas La Complejidad Negada) 8.
Нөхцлүүд:
Шошгууд: Шошго нэмэх
Шошго байхгүй, Энэхүү баримтыг шошголох эхний хүн болох!

MARC

LEADER 00000nam^a2200000^a^4500
001 000179687
005 20250521000000.0
009 20260310101831.407
020 |a 84-7658-726-0 
037 |a Acervo ITESO - Biblioteca 
041 |a ESP 
082 |a 364. 601  |b RIB 
100 |a Rivera Beiras, Iñaki  |e (autor) 
245 1 0 |a Recorridos y posibles formas de la penalidad /  |c I. Rivera Beiras. 
264 4 |a Barcelona, España :  |b Anthropos :  |b Universidad de Barcelona, Observatorio del Sistema Penal y los Derechos Humanos,  |c 2005, c2005 
300 |a 174 p. 
336 |a texto  |b txt  |2 rdacontenido 
337 |a sin mediación  |b n  |2 rdamedio 
338 |a volumen  |b nc  |2 rdasoporte 
440 1 |a (Huellas Memoria y Texto de Creación ;  |v 8.  |p Problemas La Complejidad Negada) 
649 |a XX 
650 |a Pena (Derecho) -  |x Teoría 
650 |a Culpa (Derecho) 
650 |a Responsabilidad Penal 
650 |a Derecho Penal 
650 |a Derecho Público 
650 |a Política Criminológica -  |z Europa 
650 |a Criminología -  |z Europa 
650 |a Criminología -  |x Teoría 
910 |a Fondo General 
920 |a Impresos - Libros 
930 |a Colección General 
905 |a 101 
901 |a 0500118921  |b IT1  |c ACC  |u 20250521 
902 |a https://opac.biblio.iteso.mx/vufind/Record/000179687